The instant physicist : (Record no. 617)
[ view plain ]
| 000 -LEADER | |
|---|---|
| fixed length control field | 00922cam a22002898a 4500 |
| 005 - DATE AND TIME OF LATEST TRANSACTION | |
| control field | 20260322212027.0 |
| 008 - FIXED-LENGTH DATA ELEMENTS--GENERAL INFORMATION | |
| fixed length control field | data |
| 010 ## - LIBRARY OF CONGRESS CONTROL NUMBER | |
| LC control number | 2010025739 |
| 020 ## - INTERNATIONAL STANDARD BOOK NUMBER | |
| International Standard Book Number | 9780393078268 (hardcover) |
| 020 ## - INTERNATIONAL STANDARD BOOK NUMBER | |
| International Standard Book Number | 0393078264 |
| 040 ## - CATALOGING SOURCE | |
| Original cataloging agency | DLC |
| Transcribing agency | DLC |
| 050 00 - LIBRARY OF CONGRESS CALL NUMBER | |
| Classification number | QC24.5 |
| Item number | .M848 2011 |
| 082 00 - DEWEY DECIMAL CLASSIFICATION NUMBER | |
| Classification number | 530 |
| Edition information | 22 |
| 092 ## - LOCALLY ASSIGNED DEWEY CALL NUMBER (OCLC) | |
| Classification number | 530 M848 2011 |
| 001 - CONTROL NUMBER | |
| control field | data |
| 100 1# - MAIN ENTRY--PERSONAL NAME | |
| Personal name | Muller, R. |
| Fuller form of name | (Richard) |
| 245 14 - TITLE STATEMENT | |
| Title | The instant physicist : |
| Remainder of title | an illustrated guide / |
| Statement of responsibility, etc. | R. Muller. |
| 250 ## - EDITION STATEMENT | |
| Edition statement | 1st ed. |
| 260 ## - PUBLICATION, DISTRIBUTION, ETC. | |
| Place of publication, distribution, etc. | New York : |
| Name of publisher, distributor, etc. | W.W. Norton, |
| Date of publication, distribution, etc. | c2011. |
| 263 ## - PROJECTED PUBLICATION DATE | |
| Projected publication date | 1012 |
| 300 ## - PHYSICAL DESCRIPTION | |
| Extent | p. cm. |
| 650 #0 - SUBJECT ADDED ENTRY--TOPICAL TERM | |
| Topical term or geographic name entry element | Physics |
| Form subdivision | Popular works. |
| 906 ## - LOCAL DATA ELEMENT F, LDF (RLIN) | |
| a | 7 |
| b | cbc |
| c | orignew |
| d | 1 |
| e | ecip |
| f | 20 |
| g | y-gencatlg |
| 925 0# - | |
| -- | acquire |
| -- | 2 shelf copies |
| -- | policy default |
| 955 ## - COPY-LEVEL INFORMATION (RLIN) | |
| -- | rd11 2010-07-02 |
| 963 ## - | |
| -- | Claire Reinertsen; phone: 212-790-4333; fax: 212-869-0856; email: [email protected]; bc: [email protected] |
| Withdrawn status | Lost status | Damaged status | Not for loan | Home library | Current library | Shelving location | Date acquired | Total checkouts | Full call number | Barcode | Date last seen | Price effective from | Koha item type |
|---|---|---|---|---|---|---|---|---|---|---|---|---|---|
| Franklin | Franklin | General stacks | 22/03/2026 | 530 22 | BC0010634 | 22/03/2026 | 22/03/2026 | Books |